000
00347 a2200157 4500
001
61289
020
_a
8523203451
040
_c
Anchieta - Pituba
100
_a
Silva, Eliana Rodrigues
240
1
0
_a
Dança e pós-modernidade
_l
por
245
1
0
_a
Dança e pós-modernidade
300
_a
288
362
0
_a
2005
650
4
_a
Danças
942
_c
BK
999
_c
61289
_d
61289